| 000 | 00789nam a22002177a 4500 | ||
|---|---|---|---|
| 008 | 131025b xxu||||| |||| 00| 0 alb d | ||
| 020 | _a9951130046 | ||
| 041 | 0 | _aalb | |
| 080 | _a05 | ||
| 080 |
_a681.324 _x(036) |
||
| 245 | 0 | 0 |
_aKonsorciumi i Bibliotekave Elektronike të Kosovës : _cShukrije Rama, |
| 260 |
_aPrishtinë : _bBiblioteka Kombëtare dhe Universitare e Kosovës, _c2004 |
||
| 300 |
_a17 f. : _bme il. ; _c20 cm. |
||
| 490 | _aKonsorciumi i Bibliotekave Elektronike të Kosovës | ||
| 650 | 4 |
_aBibliotekat elektronike _zKosovë |
|
| 650 | 4 | _aInformacioni bibliotekar | |
| 700 | 1 | _aRama, Shukrije | |
| 700 | 1 | _aKokollari, Besim J. | |
| 700 | 1 | _aBiblioteka Kombëtare dhe Universitare e Kosovës, | |
| 942 |
_2udc _cBK |
||
| 999 |
_c151 _d151 |
||